Normal view
MARC view
- Heat Exchangers Design and Construction
Entry Topical Term
001 - CONTROL NUMBER
- control field: 113904
003 - CONTROL NUMBER IDENTIFIER
- control field: NUST
005 - DATE AND TIME OF LATEST TRANSACTION
- control field: 20230802142753.0
008 - FIXED-LENGTH DATA ELEMENTS
- fixed length control field: 230802|| aca||aabn | a|a d
040 ## - CATALOGING SOURCE
- Original cataloging agency: NUST
- Transcribing agency: NUST
150 ## - HEADING--TOPICAL TERM
- Topical term or geographic name entry element: Heat Exchangers Design and Construction
670 ## - SOURCE DATA FOUND
- Source citation: Work cat.: (NUST): Thulukkanam, Kuppan 113903, Heat Exchanger Design Handbook, 2013.
